Lokale Sozialpolitik und Selbsthilfe
| Otros Autores: | |
|---|---|
| Tipo de documento: | Print Libro |
| Lenguaje: | Alemán |
| Publicado: |
Neuwied Darmstadt
Luchterhand
1985
|
| En: |
Gesellschaftliche Perspektiven der Sozialarbeit (4)
Año: 1985 |
| Disponibilidad en Tübingen: | Disponible en Tübingen. IFK: O X 134 |
| Verificar disponibilidad: | HBZ Gateway |
| Servicio de pedido Subito: | Pedir ahora. |
| Palabras clave: |
MARC
| LEADER | 00000cam a2200000 cb4500 | ||
|---|---|---|---|
| 001 | 1079714065 | ||
| 003 | DE-627 | ||
| 005 | 20260206203838.0 | ||
| 007 | tu | ||
| 008 | 850101s1985 xx ||||| 00| ||ger c | ||
| 015 | |a 85,A19,0138 |2 dnb | ||
| 016 | 7 | |a 841121125 |2 DE-101 | |
| 020 | |a 3472580577 |9 3-472-58057-7 | ||
| 035 | |a (DE-627)1079714065 | ||
| 035 | |a (DE-603)034419012 | ||
| 035 | |a (DE-576)009714065 | ||
| 035 | |a (DE-599)BSZ009714065 | ||
| 035 | |a (OCoLC)74658561 | ||
| 035 | |a (OCoLC)74658561 | ||
| 035 | |a (DE-604)8055470076 | ||
| 040 | |a DE-627 |b ger |c DE-627 |e rakwb | ||
| 041 | |a ger | ||
| 084 | |a 14 |2 sdnb | ||
| 084 | |a DS 6500 |2 rvk |0 (DE-625)rvk/19951: | ||
| 084 | |a MS 6470 |2 rvk |0 (DE-625)rvk/123756: | ||
| 084 | |a DS 1100 |2 rvk |0 (DE-625)rvk/19927:761 | ||
| 245 | 0 | 0 | |a Lokale Sozialpolitik und Selbsthilfe |c Thomas Olk; Hans-Uwe Otto (Hrsg.) |
| 264 | 1 | |a Neuwied |a Darmstadt |b Luchterhand |c 1985 | |
| 300 | |a IX, 273 S. | ||
| 336 | |a Text |b txt |2 rdacontent | ||
| 337 | |a ohne Hilfsmittel zu benutzen |b n |2 rdamedia | ||
| 338 | |a Band |b nc |2 rdacarrier | ||
| 490 | 1 | |a Gesellschaftliche Perspektiven der Sozialarbeit / Hans-Uwe Otto ... (Hrsg.) |v 4 | |
| 490 | 0 | |a Kritische Texte: Sozialarbeit, Sozialpädagogik, soziale Probleme | |
| 505 | 8 | |a Literaturverz. S. 261 - 267 | |
| 650 | 0 | 7 | |0 (DE-588)4055676-1 |0 (DE-627)106157159 |0 (DE-576)209114959 |a Sozialarbeit |2 gnd |
| 650 | 0 | 7 | |0 (DE-588)4054413-8 |0 (DE-627)104637226 |0 (DE-576)209108576 |a Selbsthilfegruppe |2 gnd |
| 650 | 0 | 7 | |0 (DE-588)4073648-9 |0 (DE-627)104713518 |0 (DE-576)209191058 |a Kommunalpolitik |2 gnd |
| 655 | 7 | |a Aufsatzsammlung |0 (DE-588)4143413-4 |0 (DE-627)105605727 |0 (DE-576)209726091 |2 gnd-content | |
| 689 | 0 | 0 | |d s |0 (DE-588)4055676-1 |0 (DE-627)106157159 |0 (DE-576)209114959 |a Sozialarbeit |2 gnd |
| 689 | 0 | 1 | |d s |0 (DE-588)4054413-8 |0 (DE-627)104637226 |0 (DE-576)209108576 |a Selbsthilfegruppe |2 gnd |
| 689 | 0 | |5 (DE-627) | |
| 689 | 1 | 0 | |d s |0 (DE-588)4073648-9 |0 (DE-627)104713518 |0 (DE-576)209191058 |a Kommunalpolitik |2 gnd |
| 689 | 1 | 1 | |d s |0 (DE-588)4054413-8 |0 (DE-627)104637226 |0 (DE-576)209108576 |a Selbsthilfegruppe |2 gnd |
| 689 | 1 | |5 (DE-627) | |
| 700 | 1 | |a Olk, Thomas |d 1951-2016 |e Hrsg. |0 (DE-588)12191853X |0 (DE-627)08161960X |0 (DE-576)162436645 |4 edt | |
| 830 | 0 | |a Gesellschaftliche Perspektiven der Sozialarbeit |v 4 |9 4 |w (DE-627)107349702X |w (DE-576)00349702X |7 am | |
| 935 | |h HEB |i 0501 | ||
| 935 | |h HEB |i 0503 | ||
| 936 | r | v | |a DS 6500 |b Sozialpädagogik/Sozialarbeit und Verwaltung |k Pädagogik |k Sozialpädagogik, Sozialarbeit |k Sozialpolitische und sozialadministrative Rahmenbedingungen |k Sozialpädagogik/Sozialarbeit und Verwaltung |0 (DE-627)1270784390 |0 (DE-625)rvk/19951: |0 (DE-576)200784390 |
| 936 | r | v | |a MS 6470 |b Sozialarbeit; Hilfsorganisation, Rehabilitation, Sozialpädagogik, Resozialisierung, Bewährungshilfe |k Soziologie |k Spezielle Soziologien |k Soziale Probleme |k Sozialarbeit; Hilfsorganisation, Rehabilitation, Sozialpädagogik, Resozialisierung, Bewährungshilfe |0 (DE-627)1270651951 |0 (DE-625)rvk/123756: |0 (DE-576)200651951 |
| 936 | r | v | |a DS 1100 |b Allgemeines und Deutschland |k Pädagogik |k Sozialpädagogik, Sozialarbeit |k Allgemeine einführende Werke |k Allgemeines und Deutschland |0 (DE-627)1270784234 |0 (DE-625)rvk/19927:761 |0 (DE-576)200784234 |
| 936 | s | n | |a d100 |2 mzub |
| 936 | s | n | |a m200 |2 mzub |
| 951 | |a MV | ||
| ELC | |b 1 | ||
| LOK | |0 000 xxxxxcx a22 zn 4500 | ||
| LOK | |0 001 2077051442 | ||
| LOK | |0 003 DE-627 | ||
| LOK | |0 004 1079714065 | ||
| LOK | |0 005 20250303154811 | ||
| LOK | |0 008 930514||||||||||||||||ger||||||| | ||
| LOK | |0 040 |a DE-21-110 |c DE-627 |d DE-21-110 | ||
| LOK | |0 689 |a s |a Sozialarbeit | ||
| LOK | |0 852 |a DE-21-110 | ||
| LOK | |0 852 1 |c O X 134 |m p |9 00 | ||
| LOK | |0 935 |a k110 | ||
| LOK | |0 936ln |a 4.3.1 | ||
| LOK | |0 938 |k p | ||
| LOK | |0 939 |a 14-05-93 |b l01 | ||
| ORI | |a SA-MARC-krimdoka001.raw | ||
| SIG | |a IFK: O X 134 | ||
